000 00950cam a2200289 i 4500
999 _c60719
_d60719
001 60719
003 Mx-PuUPA
005 20210107162412.0
008 140415s2014 nyua gr 001 0 eng d
020 _a9780077862527
040 _aMx-PuUPA
_bspa
_cMx-PuUPA
_dMx-PuUPA
_erda
041 0 _aeng
100 1 _aDess, Gregory G.,
_eautor
_911376
245 1 0 _aStrategic management :
_btex and cases /
_cDess, Gregory G., G T Lumpkin, Alan B Eisner
250 _a7th edition
264 1 _aNew York, NY :
_bMcGraw-Hill Education,
_c[2014]
300 _axxxvi, 452 páginas :
_bcolor illustrations ;
_c27 cm
336 _2rdacontent
_atexto
_btxt
337 _2rdamedia
_asin medio
_bn
338 _2rdacarrier
_avolumen
_bnc
650 4 _aPlaneación estratégica
700 1 _aLumpkin, G T.,
_eautor
700 1 _aEisner, Alan B.,
_eautor
942 _2ddc
_cLI
_h658.4012
_iD445